00679nam a2200181 i 450000100060000000300090000600500170001500700030003200800410003510000410007624501110011725000120022826000560024030000320029685200320032899900170036095201200037770368ES-MaACL20230906170811.0t|040722s1949 sp ||||1| spa d1 aGarcía Sánchez, Andrés.95525710aSantidad en la cátedra b: el Doctor Don Emiliano Rodríguez Risueño / cAndrés García Sánchez. a2ª ed. aSalamanca : b[s.n., c1949] (fJosé Ruiz Alonso) a110 p., 4 lám. ; c18 cm. aES-MaACLjB-12920 bR.28967 c70368d70368 00104070aATENEOMbATENEOMcSPBd2008-01-17eSCl0oB-12920p1073687r2023-02-23 00:00:00w2023-02-23yMONOGRAFIA